000 00488cam a2200193ua 4500
020 _c225.00
041 _aeng
_h
082 _a020
_bDEV/LI
100 _aDevarajan, G .
245 _aLibrary computerisation in India /
_cG Devarajan.
_hTextual Documents
250 _a1 /
_b.
260 _aNew Delhi :
_bEss Ess Publications ,
_c1990.
300 _a161 ;
_eCD ROM.
365 _a225.00
504 _a
700 1 _aRahelamma, A V .
942 _cBK
999 _c5585
_d5585